[Event "28th Budapest Spring Festival"]
[Site "Budapest, Hungary"]
[Date "2012.03.26"]
[Round "1"]
[White "Galyas, Miklos"]
[Black "Kiss, Peter"]
[Result "1-0"]
[WhiteElo "2445"]
[BlackElo "2051"]
[PlyCount "41"]
[EventDate "2012.??.??"]

1. c4 e5 2. Nc3 Bb4 3. Nd5 Bf8 4. e3 c6 5. Nc3 Bb4 6. Nf3 Bxc3 7. bxc3 e4 8.
Nd4 d6 9. f3 f5 10. fxe4 fxe4 11. c5 Nf6 12. cxd6 Qxd6 13. Qb3 Ng4 14. Ba3 Qf6
15. Be2 Qf2+ 16. Kd1 Qxg2 17. Kc2 a5 18. Raf1 Ne5 19. Rhg1 Qh3 20. Rxg7 Nbd7
21. Rg8+ 1-0

[Event "28th Budapest Spring Festival"]
[Site "Budapest, Hungary"]
[Date "2012.03.26"]
[Round "1"]
[White "Heyl, Thomas"]
[Black "Kantor, Gergely"]
[Result "0-1"]
[WhiteElo "2032"]
[BlackElo "2316"]
[PlyCount "54"]
[EventDate "2012.??.??"]

1. d4 Nf6 2. Nf3 e6 3. e3 b6 4. Bd3 Bb7 5. O-O Be7 6. Nbd2 c5 7. c3 Nc6 8. Re1
d5 9. Ne5 Nxe5 10. dxe5 Nd7 11. f4 c4 12. Bc2 b5 13. e4 Nc5 14. Qg4 Qb6 15. Kh1
O-O-O 16. exd5 Bxd5 17. Ne4 f5 18. exf6 gxf6 19. Be3 Rhg8 20. Qe2 Qc6 21. Ng3
Nd3 22. Rg1 f5 23. Bxd3 cxd3 24. Qd2 h5 25. Nf1 h4 26. h3 Rxg2 27. Rxg2 Rg8 0-1

[Event "28th Budapest Spring Festival"]
[Site "Budapest, Hungary"]
[Date "2012.03.26"]
[Round "1"]
[White "Csonka, Balazs"]
[Black "Halak, Miklos"]
[Result "1/2-1/2"]
[WhiteElo "2299"]
[BlackElo "2026"]
[PlyCount "107"]
[EventDate "2012.??.??"]

1. d4 d5 2. Nf3 c6 3. c4 Nf6 4. Nc3 dxc4 5. a4 Bf5 6. Ne5 e6 7. f3 h6 8. e4 Bh7
9. Bxc4 Nbd7 10. Nxd7 Qxd7 11. Be3 Bb4 12. O-O O-O 13. Qb3 Qe7 14. Rfd1 c5 15.
d5 exd5 16. Bxd5 Bxc3 17. bxc3 Nxd5 18. Rxd5 b6 19. a5 Qe6 20. c4 f5 21. e5 f4
22. Bf2 Bf5 23. h3 Rad8 24. axb6 axb6 25. Re1 Qg6 26. Kh2 Rfe8 27. e6 Rb8 28.
e7 Qf7 29. Bxc5 Be6 30. Rd8 Rbxd8 31. exd8=Q Rxd8 32. Qxb6 Re8 33. Qc6 Bd7 34.
Rxe8+ Qxe8 35. Qc7 Bxh3 36. gxh3 Qe2+ 37. Kg1 Qe1+ 38. Kg2 Qg3+ 39. Kf1 Qxf3+
40. Bf2 Qxh3+ 41. Ke2 Qe6+ 42. Kd2 f3 43. Qb8+ Kh7 44. Qb1+ Kg8 45. Qd3 g5 46.
Bg3 h5 47. Qd8+ Kf7 48. Qxg5 Qxc4 49. Qxh5+ Ke7 50. Qh7+ Qf7 51. Bh4+ Kf8 52.
Qh8+ Qg8 53. Qf6+ Qf7 54. Qxf7+ 1/2-1/2

[Event "28th Budapest Spring Festival"]
[Site "Budapest, Hungary"]
[Date "2012.03.26"]
[Round "1"]
[White "Letay, Gyula"]
[Black "Farago, Sandor"]
[Result "0-1"]
[WhiteElo "1989"]
[BlackElo "2296"]
[PlyCount "84"]
[EventDate "2012.??.??"]

1. e4 c5 2. Nc3 Nc6 3. g3 e6 4. Bg2 g6 5. d3 Bg7 6. Be3 d6 7. Qd2 h5 8. h3 Nge7
9. Nge2 b6 10. O-O Bb7 11. f4 d5 12. exd5 exd5 13. Bf2 Qd7 14. Rad1 O-O-O 15.
Rfe1 d4 16. Ne4 Nd5 17. c4 Ne3 18. Bxe3 dxe3 19. Qxe3 Bxb2 20. Qd2 Bg7 21. a3
h4 22. g4 f5 23. Nf2 Nd4 24. Bxb7+ Qxb7 25. Nxd4 Bxd4 26. Qe2 Rhe8 27. Qf1 Qf3
28. Qg2 Re3 29. Rxe3 Qxe3 30. Qa8+ Kc7 31. Qxa7+ Kc6 32. Qa4+ Kb7 33. Qc2 Qxh3
34. Re1 Qg3+ 35. Kf1 h3 36. Re7+ Kb8 37. Re6 Qg2+ 38. Ke1 Qg1+ 39. Kd2 Qxf2+
40. Re2 Qxf4+ 41. Kd1 fxg4 42. Qb3 Qd6 0-1

[Event "28th Budapest Spring Festival"]
[Site "Budapest, Hungary"]
[Date "2012.03.26"]
[Round "1"]
[White "Radnai, Adam"]
[Black "Havaskori, Laszlo"]
[Result "1-0"]
[WhiteElo "2269"]
[BlackElo "1977"]
[PlyCount "75"]
[EventDate "2012.??.??"]

1. e4 e6 2. b3 d5 3. Bb2 Nf6 4. e5 Nfd7 5. c4 dxc4 6. bxc4 c5 7. f4 Nc6 8. Nf3
Nb6 9. Nc3 Be7 10. Qb1 Bd7 11. Be2 Na5 12. d3 Na4 13. Nxa4 Bxa4 14. O-O Qd7 15.
Nd2 O-O 16. d4 cxd4 17. Bd3 g6 18. Ne4 f5 19. exf6 Bxf6 20. Qe1 b6 21. Nxf6+
Rxf6 22. c5 Rd8 23. cxb6 axb6 24. Qb4 Bc6 25. Qxb6 Qd5 26. Be4 Qxe4 27. Qxd8+
Rf8 28. Qg5 Rf5 29. Qg3 Nc4 30. Rae1 Qd5 31. Rf2 d3 32. Rd1 Qc5 33. Bc3 Ne3 34.
Rxd3 Nxg2 35. Rd8+ Kf7 36. Bd4 Qc1+ 37. Rf1 Qc2 38. Qa3 1-0

[Event "28th Budapest Spring Festival"]
[Site "Budapest, Hungary"]
[Date "2012.03.26"]
[Round "1"]
[White "Szalanczy, Emil"]
[Black "Grimm, Gyorgy"]
[Result "1/2-1/2"]
[WhiteElo "2249"]
[BlackElo "1962"]
[PlyCount "119"]
[EventDate "2012.??.??"]

1. e4 c5 2. Nf3 Nc6 3. d4 cxd4 4. Nxd4 Nf6 5. Nc3 e5 6. Ndb5 d6 7. Be3 a6 8.
Na3 b5 9. Nd5 Rb8 10. Nxf6+ Qxf6 11. Be2 Be7 12. c3 O-O 13. O-O Rd8 14. Nc2 Be6
15. Bf3 h6 16. Bc1 Rbc8 17. Ne3 Qg6 18. Nd5 Bg5 19. Re1 Bxd5 20. Qxd5 Bxc1 21.
Raxc1 Qe6 22. Rcd1 Kf8 23. h3 Qxd5 24. Rxd5 Ke7 25. b4 Nb8 26. Rd3 Nd7 27. Bg4
Rc6 28. h4 Nb6 29. h5 Na4 30. Rc1 Rb8 31. Rg3 Kf8 32. Bd1 Nb6 33. Bb3 Nc4 34.
Rd1 Rd8 35. Rd5 Nb6 36. Rdd3 Nc4 37. Rg4 Rd7 38. Rdg3 f6 39. a4 Nd2 40. Bd5
Rcc7 41. Rd3 Nb1 42. axb5 axb5 43. Rgg3 Rd8 44. Ba2 Na3 45. Be6 Nc4 46. Rd1 Nb6
47. Ra1 Rb8 48. Rd1 Rc6 49. c4 bxc4 50. b5 Rc5 51. Rxd6 Rxb5 52. Rc6 Rb7 53.
Kh2 Rb4 54. Kh3 Rb2 55. Rf3 Ra7 56. Kh4 Rb7 57. Bf5 Rd2 58. Bg6 Rd3 59. Rxd3
cxd3 60. Rd6 1/2-1/2

[Event "28th Budapest Spring Festival"]
[Site "Budapest, Hungary"]
[Date "2012.03.26"]
[Round "1"]
[White "Marosi, Levente"]
[Black "Boguszlavszkij, Jevgenyij"]
[Result "0-1"]
[WhiteElo "1959"]
[BlackElo "2238"]
[PlyCount "122"]
[EventDate "2012.??.??"]

1. e4 d5 2. exd5 Nf6 3. Nf3 Bg4 4. d4 Qxd5 5. Be2 e6 6. O-O Nc6 7. c4 Qd7 8.
Be3 Be7 9. Nc3 O-O 10. d5 exd5 11. cxd5 Bxf3 12. Bxf3 Ne5 13. Bf4 Bd6 14. Rc1
Rad8 15. Bg5 Qf5 16. Bxf6 Qxf6 17. Ne4 Nxf3+ 18. Qxf3 Qxf3 19. gxf3 Bf4 20.
Rcd1 Rfe8 21. Rfe1 Kf8 22. h3 Re5 23. Nc3 Rg5+ 24. Kf1 Rh5 25. Re4 Be5 26. Rd3
g6 27. f4 Bxc3 28. Rxc3 Rd7 29. Rec4 Rhxd5 30. Rxc7 Rd1+ 31. Kg2 Ke7 32. Kf3
R1d2 33. Rxd7+ Kxd7 34. Rb3 Kc6 35. Ke3 Rd5 36. Ke4 f5+ 37. Ke3 b5 38. a3 Rd7
39. Rc3+ Kb6 40. Rd3 Re7+ 41. Kf3 Re6 42. Rd7 h6 43. Rh7 h5 44. Rd7 a5 45. b4
axb4 46. axb4 Kc6 47. Rd4 h4 48. Rd3 Re4 49. Rc3+ Rc4 50. Re3 Rxb4 51. Re6+ Kd5
52. Rxg6 Rb3+ 53. Kg2 Rc3 54. Rh6 b4 55. Rxh4 Rc8 56. Rh7 Rb8 57. Re7 b3 58.
Re1 b2 59. Rb1 Kd4 60. Kg3 Kc3 61. Kh4 Rg8 0-1

[Event "28th Budapest Spring Festival"]
[Site "Budapest, Hungary"]
[Date "2012.03.26"]
[Round "1"]
[White "Brustkern, Juergen"]
[Black "Wang, Xinyue"]
[Result "1-0"]
[WhiteElo "2229"]
[BlackElo "1954"]
[PlyCount "55"]
[EventDate "2012.??.??"]

1. d4 d5 2. c4 c6 3. Nc3 Nf6 4. Nf3 e6 5. Bg5 dxc4 6. e4 b5 7. e5 h6 8. Bh4 g5
9. Bg3 Nd5 10. h4 Bb4 11. Rc1 Qa5 12. Qc2 g4 13. Nd2 Nd7 14. Be2 c5 15. dxc5
Nxc5 16. O-O Bxc3 17. bxc3 Bb7 18. Bxg4 Nd3 19. Ne4 O-O-O 20. Nd6+ Rxd6 21.
exd6 f5 22. Qe2 fxg4 23. Qxe6+ Kb8 24. d7+ Ka8 25. Rc2 Qb6 26. Qxg4 Nf6 27. Qg7
Rg8 28. Re2 1-0

[Event "28th Budapest Spring Festival"]
[Site "Budapest, Hungary"]
[Date "2012.03.26"]
[Round "1"]
[White "Porkolab, Sandor"]
[Black "Kormos, Adam"]
[Result "1/2-1/2"]
[WhiteElo "1936"]
[BlackElo "2194"]
[PlyCount "81"]
[EventDate "2012.??.??"]

1. e4 c5 2. Nf3 d6 3. d4 cxd4 4. Nxd4 Nf6 5. Nc3 g6 6. f4 Nc6 7. Nxc6 bxc6 8.
e5 dxe5 9. Qxd8+ Kxd8 10. fxe5 Nd5 11. Nxd5 cxd5 12. Bd2 Bg7 13. Bc3 Bd7 14.
O-O-O e6 15. Ba6 Rb8 16. Rhf1 Ke8 17. Rf3 Bb5 18. Bxb5+ Rxb5 19. Rdf1 Rb7 20.
Bd4 h5 21. h4 Bf8 22. Be3 Bh6 23. Bxh6 Rxh6 24. c3 Kf8 25. Kc2 Kg7 26. Rf4 Rh8
27. b3 Rc8 28. Kb2 a5 29. a4 Rcb8 30. Kc2 f5 31. exf6+ Kf7 32. Re1 Rxb3 33. g4
Rb2+ 34. Kd3 hxg4 35. Rxg4 Rf2 36. Reg1 Rxf6 37. h5 gxh5 38. Rg7+ Ke8 39. Rh7
Rf8 40. Rgg7 Ra8 41. Re7+ 1/2-1/2

[Event "28th Budapest Spring Festival"]
[Site "Budapest, Hungary"]
[Date "2012.03.26"]
[Round "1"]
[White "Padhya Saumil"]
[Black "Szabo, Peter Dr"]
[Result "1-0"]
[WhiteElo "2187"]
[BlackElo "1918"]
[PlyCount "49"]
[EventDate "2012.??.??"]

1. e4 c5 2. Nf3 g6 3. d4 cxd4 4. Nxd4 Nc6 5. Nc3 Bg7 6. Be3 Nf6 7. Bc4 O-O 8.
O-O Nxe4 9. Bxf7+ Rxf7 10. Nxe4 d5 11. Ng5 Rf6 12. f4 e5 13. Nxc6 bxc6 14. fxe5
Rxf1+ 15. Qxf1 Qe7 16. Nf3 Bg4 17. Re1 Bxf3 18. Qxf3 Qxe5 19. c3 Rf8 20. Qd1
Qc7 21. Bc5 Rd8 22. Re7 Qf4 23. Qe1 Bf8 24. Qe6+ Kh8 25. Bd4+ 1-0

[Event "28th Budapest Spring Festival"]
[Site "Budapest, Hungary"]
[Date "2012.03.26"]
[Round "1"]
[White "Peczely, Gyorgy Dr"]
[Black "Juhasz, Armin"]
[Result "0-1"]
[WhiteElo "1878"]
[BlackElo "2184"]
[PlyCount "84"]
[EventDate "2012.??.??"]

1. d4 Nf6 2. Nf3 d5 3. Nbd2 c6 4. g3 Bf5 5. Bg2 Nbd7 6. O-O h6 7. Nh4 Bh7 8. f4
e6 9. c3 Be7 10. Nhf3 c5 11. Ne5 cxd4 12. cxd4 O-O 13. Ndf3 Rc8 14. Nd3 Ne4 15.
Be3 Nb6 16. Nd2 Nxd2 17. Bxd2 Nc4 18. b3 Bxd3 19. exd3 Nd6 20. Qe1 Bf6 21. Be3
Qb6 22. Kh1 Nf5 23. Bg1 Bxd4 24. Bxd4 Qxd4 25. Qd2 Qc3 26. Rfd1 b6 27. Qf2 Qd4
28. Qxd4 Nxd4 29. Rdc1 Ne2 30. Re1 Rc2 31. Bf1 Nd4 32. Rec1 Rfc8 33. Rxc2 Rxc2
34. b4 Kf8 35. a4 Ke7 36. h4 h5 37. b5 Nf5 38. a5 Nxg3+ 39. Kg1 Nxf1 40. Kxf1
Rb2 41. axb6 axb6 42. Ra7+ Kf6 0-1

[Event "28th Budapest Spring Festival"]
[Site "Budapest, Hungary"]
[Date "2012.03.26"]
[Round "1"]
[White "Varga, Klara"]
[Black "Aryan Chopra"]
[Result "1/2-1/2"]
[WhiteElo "2181"]
[BlackElo "1869"]
[PlyCount "65"]
[EventDate "2012.??.??"]

1. e4 c5 2. Nf3 d6 3. d4 cxd4 4. Nxd4 Nf6 5. Nc3 a6 6. Bc4 e6 7. Bb3 Nbd7 8.
O-O Nc5 9. f4 Ncxe4 10. Nxe4 Nxe4 11. f5 e5 12. Qh5 Qe7 13. Qf3 Nc5 14. Nc6 Qc7
15. Nb4 Nxb3 16. Qxb3 b5 17. a4 Bb7 18. axb5 axb5 19. Be3 Be7 20. Nd5 Qc6 21.
Rxa8+ Bxa8 22. Qxb5 Qxb5 23. Nc7+ Kd7 24. Nxb5 Rb8 25. c4 Bc6 26. Ra1 Bxb5 27.
Ra7+ Kd8 28. cxb5 Rxb5 29. Bd2 Rxb2 30. Ba5+ Ke8 31. Ra8+ Kd7 32. Ra7+ Ke8 33.
Ra8+ 1/2-1/2

[Event "28th Budapest Spring Festival"]
[Site "Budapest, Hungary"]
[Date "2012.03.26"]
[Round "1"]
[White "Pogats, Jozsef Jr"]
[Black "Varga, Melinda"]
[Result "0-1"]
[WhiteElo "1843"]
[BlackElo "2172"]
[PlyCount "62"]
[EventDate "2012.??.??"]

1. e4 c6 2. d4 d5 3. exd5 cxd5 4. c4 Nf6 5. Nc3 g6 6. cxd5 Bg7 7. Bc4 O-O 8.
Nf3 Nbd7 9. O-O Nb6 10. Bb3 Nfxd5 11. Nxd5 Nxd5 12. Bg5 Nf6 13. Re1 Bg4 14. d5
Qd7 15. h3 Bh5 16. Bxf6 Bxf3 17. Qxf3 Bxf6 18. Rab1 a5 19. a3 a4 20. Ba2 Qd6
21. Qe2 Rfc8 22. Red1 Ra5 23. b4 axb3 24. Rxb3 Rxd5 25. Rbd3 Rxd3 26. Qxd3 Qxd3
27. Rxd3 Rc1+ 28. Kh2 Rc2 29. Bd5 Be5+ 30. g3 Rxf2+ 31. Kg1 Rb2 0-1

[Event "28th Budapest Spring Festival"]
[Site "Budapest, Hungary"]
[Date "2012.03.26"]
[Round "1"]
[White "Vereb, Gabor"]
[Black "Krstulovic, Alex"]
[Result "1-0"]
[WhiteElo "2170"]
[BlackElo "1795"]
[PlyCount "75"]
[EventDate "2012.??.??"]

1. e4 c5 2. Nf3 d6 3. d4 cxd4 4. Nxd4 Nf6 5. f3 e5 6. Nb3 d5 7. Bg5 d4 8. Bc4
Be7 9. c3 Nc6 10. O-O O-O 11. Kh1 Qb6 12. cxd4 exd4 13. N1d2 Rd8 14. Bxf6 Bxf6
15. f4 Be6 16. Bxe6 fxe6 17. e5 Be7 18. Qg4 Nb4 19. Rf3 Nc2 20. Rg3 Bf8 21. Ne4
Nxa1 22. Nf6+ Kf7 23. Qh5+ Ke7 24. Qxh7 Rd5 25. Nxa1 Rc8 26. Nxd5+ exd5 27. Qb1
Qc6 28. Rf3 Qc1+ 29. Rf1 Qe3 30. Qe1 Ke6 31. Nb3 Rc4 32. Qd1 Bb4 33. Qg4+ Kf7
34. Qd7+ Kg6 35. f5+ Kh7 36. f6 Bf8 37. Qxd5 Qe2 38. Rg1 1-0

[Event "28th Budapest Spring Festival"]
[Site "Budapest, Hungary"]
[Date "2012.03.26"]
[Round "1"]
[White "Albu, Ferenc"]
[Black "Metaxasz, Vaszilisz"]
[Result "0-1"]
[WhiteElo "1794"]
[BlackElo "2166"]
[PlyCount "53"]
[EventDate "2012.??.??"]

1. e4 c5 2. Nf3 Nc6 3. d4 cxd4 4. Nxd4 Qb6 5. Nb3 Nf6 6. Nc3 e6 7. Be3 Qc7 8.
f3 a6 9. a3 b5 10. Ne2 d5 11. exd5 Nxd5 12. Bf2 Bd6 13. Ned4 Nxd4 14. Nxd4 O-O
15. Bd3 Nf4 16. Be4 Bb7 17. Bxb7 Qxb7 18. O-O Rfd8 19. Qe1 Rac8 20. Rd1 Bc5 21.
Ne2 Nd5 22. Ng3 Qb6 23. c3 Nf4 24. Ne4 Rxd1 25. Qxd1 Bxf2+ 26. Nxf2 Rd8 27. Qe2
0-1

[Event "28th Budapest Spring Festival"]
[Site "Budapest, Hungary"]
[Date "2012.03.26"]
[Round "1"]
[White "Koczo, Kristof"]
[Black "Barla, Janos"]
[Result "1-0"]
[WhiteElo "2138"]
[BlackElo "1792"]
[PlyCount "59"]
[EventDate "2012.??.??"]

1. d4 Nf6 2. c4 e5 3. dxe5 Ne4 4. a3 Bc5 5. e3 Ng5 6. b4 Be7 7. Bb2 Ne6 8. Nc3
a5 9. b5 c6 10. Ne4 cxb5 11. cxb5 a4 12. Nf3 Qb6 13. Qc2 O-O 14. Bd3 h6 15. O-O
Nc5 16. Bd4 d6 17. exd6 Bxd6 18. Nxd6 Qxd6 19. Bxc5 Qd8 20. Rad1 Nd7 21. Bxf8
Qxf8 22. Qc7 Nc5 23. Bc4 Be6 24. Bxe6 Nxe6 25. Qxb7 Rb8 26. Qa6 Ra8 27. Qd6 Qc8
28. b6 Qb7 29. Rc1 Rd8 30. Qc6 1-0

[Event "28th Budapest Spring Festival"]
[Site "Budapest, Hungary"]
[Date "2012.03.26"]
[Round "1"]
[White "Simon, Lili"]
[Black "Farkas, Richard"]
[Result "0-1"]
[WhiteElo "1780"]
[BlackElo "2111"]
[PlyCount "84"]
[EventDate "2012.??.??"]

1. c4 Nf6 2. g3 g6 3. Bg2 Bg7 4. Nc3 O-O 5. e4 d6 6. Nge2 c5 7. O-O Nc6 8. d3
Rb8 9. Rb1 a6 10. a3 b5 11. cxb5 axb5 12. b4 cxb4 13. axb4 Bd7 14. Bg5 h6 15.
Bf4 e5 16. Bd2 Be6 17. Qc1 Kh7 18. Nxb5 Rxb5 19. Qxc6 Qb8 20. Qc2 Rc8 21. Qb2
Nd7 22. Nc3 Rb7 23. Be3 Nc5 24. Bxc5 dxc5 25. b5 Bf8 26. Rfd1 Rc6 27. Nd5 Bxd5
28. exd5 Rcb6 29. Qe2 Rxb5 30. Rxb5 Rxb5 31. Re1 Bd6 32. h4 Kg7 33. Kh2 Rb2 34.
Qf3 Qb4 35. Re2 Rb3 36. Qe4 f5 37. Qxb4 cxb4 38. Rd2 Rc3 39. Bf1 b3 40. Rb2 Ba3
41. Rb1 Kf6 42. Kg2 b2 0-1

[Event "28th Budapest Spring Festival"]
[Site "Budapest, Hungary"]
[Date "2012.03.26"]
[Round "1"]
[White "Mester, Attila"]
[Black "Bakacs, Janos"]
[Result "1-0"]
[WhiteElo "2104"]
[BlackElo "1665"]
[PlyCount "43"]
[EventDate "2012.??.??"]

1. e4 c5 2. Nf3 e6 3. d4 cxd4 4. Nxd4 a6 5. Nc3 d6 6. Be3 Nf6 7. f4 Be7 8. Qf3
O-O 9. O-O-O e5 10. Nf5 Bxf5 11. exf5 Qc7 12. g4 Nc6 13. g5 Nd7 14. Nd5 Qd8 15.
Rg1 f6 16. Bc4 Kh8 17. g6 h6 18. fxe5 fxe5 19. Bxh6 gxh6 20. g7+ Kh7 21. f6
Bxf6 22. Qf5+ 1-0

[Event "28th Budapest Spring Festival"]
[Site "Budapest, Hungary"]
[Date "2012.03.26"]
[Round "1"]
[White "Szonyi, Bence"]
[Black "Borda, Lajos"]
[Result "0-1"]
[WhiteElo "1611"]
[BlackElo "2100"]
[PlyCount "100"]
[EventDate "2012.??.??"]

1. e4 c5 2. Nf3 a6 3. d4 cxd4 4. Nxd4 Nf6 5. Nc3 e5 6. Nf3 Bb4 7. Bd3 d5 8. Nd2
Bg4 9. f3 Be6 10. exd5 Nxd5 11. Nxd5 Bxd5 12. O-O O-O 13. Be4 Be6 14. Kh1 Qc7
15. c3 Be7 16. Nb3 Nc6 17. Be3 Rad8 18. Qc2 f5 19. Bxc6 Qxc6 20. Rad1 f4 21.
Rxd8 Rxd8 22. Bf2 Qd5 23. Kg1 g6 24. Qe4 Qb5 25. Nd4 Bf5 26. Nxb5 Bxe4 27. fxe4
axb5 28. Bb6 Rd7 29. g3 g5 30. gxf4 gxf4 31. Rf2 Bh4 32. Re2 Rd3 33. Bf2 Bxf2+
34. Kxf2 Rh3 35. Kf1 Kf7 36. Rc2 Ke6 37. b3 Re3 38. c4 b4 39. c5 Rxe4 40. c6
bxc6 41. Rxc6+ Kf5 42. Rc7 h5 43. Rh7 Kg4 44. Rg7+ Kf3 45. Rc7 Rd4 46. Ke1 e4
47. Rc4 Rd8 48. Rxb4 e3 49. Rc4 Rd2 50. a4 Rxh2 0-1

[Event "28. SPRING FESTIVAL -  BUDAPEST"]
[Site "Budapest"]
[Date "2012.03.27"]
[Round "2.1"]
[White "Metaxasz, Vaszilisz"]
[Black "Galyas, Miklos"]
[Result "0-1"]
[WhiteElo "2166"]
[BlackElo "2445"]
[PlyCount "46"]
[EventDate "2012.03.26"]

1. c4 f5 2. g3 Nf6 3. Bg2 g6 4. Nc3 Bg7 5. d3 O-O 6. e3 e5 7. Nge2 d6 8. O-O
Nc6 9. Rb1 a5 10. a3 Be6 11. Nd5 Qd7 12. b4 axb4 13. axb4 Rab8 14. b5 Ne7 15.
Nxe7+ Qxe7 16. Bb2 Kh8 17. Rc1 Bf7 18. e4 fxe4 19. dxe4 Nd7 20. Rc2 Ra8 21. Qc1
Nc5 22. Ba3 Nb3 23. Qb2 Na5 0-1

[Event "28. SPRING FESTIVAL -  BUDAPEST"]
[Site "Budapest"]
[Date "2012.03.27"]
[Round "2.3"]
[White "Farago, Sandor"]
[Black "Koczo, Kristof"]
[Result "1-0"]
[WhiteElo "2296"]
[BlackElo "2138"]
[PlyCount "91"]
[EventDate "2012.03.26"]

1. e4 c6 2. d4 d5 3. e5 e6 4. f4 b6 5. Nf3 Ba6 6. Bd3 Bxd3 7. Qxd3 Ne7 8. O-O
Nf5 9. b3 c5 10. c3 h5 11. Na3 Nc6 12. Nc2 Be7 13. Bd2 Qd7 14. b4 c4 15. Qe2 a5
16. b5 Na7 17. a4 O-O-O 18. Ne3 Nxe3 19. Bxe3 Kc7 20. Bf2 Nc8 21. Rfe1 Rdg8 22.
h4 Bd8 23. f5 Ne7 24. fxe6 fxe6 25. Be3 Nf5 26. Qf2 Rf8 27. Bg5 Nh6 28. Qg3 Ng4
29. Bxd8+ Kxd8 30. Ng5 Qe8 31. Rf1 Kd7 32. Rf3 Rxf3 33. gxf3 Nh6 34. Kh2 Nf5
35. Qf2 Rf8 36. Ra2 Qg6 37. Qe1 Nh6 38. Rg2 Qd3 39. Qg3 Nf5 40. Qf4 Re8 41. Nf7
Ne3 42. Nd6 Nf5 43. Nxf5 exf5 44. Rxg7+ Re7 45. e6+ Kc8 46. Rg8+ 1-0

[Event "28. SPRING FESTIVAL -  BUDAPEST"]
[Site "Budapest"]
[Date "2012.03.27"]
[Round "2.4"]
[White "Farkas, Richard"]
[Black "Radnai, Adam"]
[Result "0-1"]
[WhiteElo "2111"]
[BlackElo "2269"]
[PlyCount "50"]
[EventDate "2012.03.26"]

1. d4 e6 2. c4 b6 3. Nc3 Bb7 4. e4 Bb4 5. Bd3 f5 6. Qe2 Nf6 7. Bg5 fxe4 8. Bxe4
Bxe4 9. Bxf6 Qxf6 10. Qxe4 O-O 11. Nf3 Nc6 12. O-O Qh6 13. Rad1 Rae8 14. Qe3
Qxe3 15. fxe3 Na5 16. Nd2 c5 17. Rc1 cxd4 18. exd4 Rc8 19. a3 Be7 20. Rxf8+
Bxf8 21. Ne2 Be7 22. b4 Bg5 23. Rc2 Be3+ 24. Kf1 Bxd2 25. bxa5 Rf8+ 0-1

[Event "28. SPRING FESTIVAL -  BUDAPEST"]
[Site "Budapest"]
[Date "2012.03.27"]
[Round "2.5"]
[White "Borda, Lajos"]
[Black "Rodriguez Lopez, Rafael"]
[Result "1/2-1/2"]
[WhiteElo "2100"]
[BlackElo "2266"]
[PlyCount "103"]
[EventDate "2012.03.26"]

1. e4 c5 2. Nf3 d6 3. c3 Nf6 4. h3 g6 5. Bb5+ Nbd7 6. e5 dxe5 7. Nxe5 Bg7 8.
O-O O-O 9. Nf3 a6 10. Be2 e5 11. d3 b6 12. Na3 Qc7 13. Nc2 Bb7 14. Bg5 h6 15.
Be3 Nd5 16. Qd2 Nxe3 17. Nxe3 Rad8 18. Rfd1 Kh7 19. Qe1 Rfe8 20. Rac1 Nf8 21.
Qf1 Ne6 22. Nh2 Nf4 23. Bf3 Rd7 24. Bxb7 Qxb7 25. g3 Ne6 26. h4 h5 27. Re1 b5
28. Rcd1 Red8 29. Qe2 f6 30. Qc2 Bh6 31. a4 Rd6 32. axb5 axb5 33. Nhf1 Qd7 34.
Qb3 Qc6 35. Qc2 R8d7 36. Qe2 Qa8 37. Nc2 Qd8 38. Qf3 c4 39. d4 exd4 40. Nxd4
Nxd4 41. Rxd4 Rxd4 42. cxd4 Qb6 43. d5 Qd4 44. Re6 Bg7 45. Ne3 Qxb2 46. d6 Qd4
47. Qc6 Qa7 48. Qxb5 c3 49. Qc6 f5 50. Nd5 Rd8 51. Re7 Qd4 52. Qxc3 1/2-1/2

[Event "28. SPRING FESTIVAL -  BUDAPEST"]
[Site "Budapest"]
[Date "2012.03.27"]
[Round "2.6"]
[White "Boguszlavszkij, Jevgenyij"]
[Black "Mester, Attila"]
[Result "1-0"]
[WhiteElo "2238"]
[BlackElo "2104"]
[PlyCount "79"]
[EventDate "2012.03.26"]

1. d4 f5 2. e4 fxe4 3. Nc3 Nf6 4. Bg5 Nc6 5. d5 Ne5 6. Qd4 Nf7 7. h4 e5 8. dxe6
dxe6 9. Qxd8+ Nxd8 10. O-O-O Bd7 11. Bf4 Rc8 12. Nh3 h6 13. Bc4 Nf7 14. Rhe1
Bb4 15. Bd2 Nd6 16. Bb3 Bxc3 17. Bxc3 O-O 18. Be5 Nd5 19. c4 Nb4 20. c5 Nd3+
21. Rxd3 exd3 22. cxd6 cxd6+ 23. Bc3 d5 24. Kd2 Rf5 25. Kxd3 Re8 26. f4 Rf7 27.
Be5 a5 28. g4 a4 29. Bd1 Rc8 30. Kd2 Bb5 31. a3 Rd7 32. g5 d4 33. gxh6 gxh6 34.
Nf2 Kf7 35. Ng4 Kg6 36. h5+ Kf7 37. Nxh6+ Kf8 38. Rg1 Rc5 39. Rg8+ Ke7 40. Ng4
1-0

[Event "28. SPRING FESTIVAL -  BUDAPEST"]
[Site "Budapest"]
[Date "2012.03.27"]
[Round "2.7"]
[White "Grimm, Daniel"]
[Black "Brustkern, Juergen"]
[Result "0-1"]
[WhiteElo "2067"]
[BlackElo "2229"]
[PlyCount "80"]
[EventDate "2012.03.26"]

1. e4 e5 2. Nf3 Nc6 3. Bb5 a6 4. Ba4 Nf6 5. O-O b5 6. Bb3 Be7 7. Re1 O-O 8. h3
Bb7 9. d3 d5 10. exd5 Nxd5 11. Nxe5 Nd4 12. Nc3 Nb4 13. Ne2 Nxb3 14. axb3 c5
15. Nf4 Bd6 16. c3 Qc7 17. cxb4 Bxe5 18. Rxe5 Qxe5 19. bxc5 Qxc5 20. Qg4 Qd4
21. Be3 Qxb2 22. Rf1 Rad8 23. Bb6 f5 24. Qg3 Rd7 25. Bc5 Re8 26. b4 Qc3 27. Qg5
a5 28. d4 axb4 29. Nh5 Rf7 30. Rc1 h6 31. Qf4 Re1+ 32. Rxe1 Qxe1+ 33. Kh2 Qe4
34. Qb8+ Kh7 35. f3 Qc6 36. Qf4 b3 37. Qe3 Qc7+ 38. Kg1 Bd5 39. Qd2 g6 40. Nf4
Qxf4 0-1

[Event "28. SPRING FESTIVAL -  BUDAPEST"]
[Site "Budapest"]
[Date "2012.03.27"]
[Round "2.8"]
[White "Nadassy, Attila"]
[Black "Padhya, Saumil"]
[Result "0-1"]
[WhiteElo "2062"]
[BlackElo "2187"]
[PlyCount "98"]
[EventDate "2012.03.26"]

1. d4 Nf6 2. Nc3 d5 3. Bf4 g6 4. Qd2 a6 5. O-O-O b5 6. f3 Bb7 7. Nh3 Nbd7 8. e3
b4 9. Ne2 c5 10. Kb1 e6 11. g4 Qb6 12. Nf2 c4 13. Ka1 Rc8 14. c3 a5 15. Rb1 Ra8
16. Ng3 a4 17. Qc1 a3 18. b3 cxb3 19. Rxb3 Rc8 20. g5 Ng8 21. Nd3 f6 22. gxf6
Ngxf6 23. Ne5 Rxc3 24. Rxc3 bxc3 25. Qxc3 Bb4 26. Qb3 Ke7 27. Nd3 Rc8 28. Kb1
Bd6 29. Qxb6 Nxb6 30. Bxd6+ Kxd6 31. Nc5 Rb8 32. Kc2 Nfd7 33. Nxd7 Kxd7 34. Kb3
Rc8 35. Bb5+ Bc6 36. Bxc6+ Rxc6 37. Rd1 Nc4 38. e4 Rb6+ 39. Kc3 Rb2 40. exd5
exd5 41. Ne4 dxe4 42. Kxc4 exf3 43. Rd3 f2 44. Rf3 Rxa2 45. Kd5 Re2 46. Rxa3
f1=Q 47. Ra7+ Ke8 48. Ra8+ Kf7 49. Ra7+ Re7 0-1

[Event "28. SPRING FESTIVAL -  BUDAPEST"]
[Site "Budapest"]
[Date "2012.03.27"]
[Round "2.9"]
[White "Juhasz, Armin"]
[Black "Egri, Laszlo Jr"]
[Result "1/2-1/2"]
[WhiteElo "2184"]
[BlackElo "2075"]
[PlyCount "120"]
[EventDate "2012.03.26"]

1. d4 d5 2. c4 c6 3. Nf3 Nf6 4. Nbd2 Bf5 5. Nh4 Be4 6. Qb3 Qc7 7. e3 e6 8. Bd3
Bxd3 9. Qxd3 Nbd7 10. Nhf3 Be7 11. O-O O-O 12. b3 Rac8 13. Bb2 Rfd8 14. Rfd1 h6
15. Rac1 Qb8 16. Qe2 a6 17. e4 dxe4 18. Nxe4 Nxe4 19. Qxe4 Nf6 20. Qe2 Qf4 21.
Ne5 c5 22. dxc5 Bxc5 23. Nd3 Qf5 24. Nxc5 Qxc5 25. Bxf6 gxf6 26. Qf3 Qe7 27. h3
f5 28. g3 Rc7 29. Qe3 Kh7 30. Rxd8 Qxd8 31. Qe5 Rd7 32. b4 Qg5 33. Qe1 Qf6 34.
Rd1 Rd4 35. c5 f4 36. Rxd4 Qxd4 37. gxf4 Qxf4 38. Qc3 Qe4 39. a4 Qb1+ 40. Kh2
Qa2 41. Qf3 Kg7 42. Qxb7 Qxf2+ 43. Qg2+ Qxg2+ 44. Kxg2 Kf6 45. b5 axb5 46. axb5
Ke7 47. Kf3 Kd7 48. Ke4 f6 49. Kd4 Kc7 50. Kc4 f5 51. Kd4 f4 52. Kd3 Kd7 53. b6
Kc6 54. Kd4 e5+ 55. Ke4 Kb7 56. Kf3 Kc6 57. Kg4 Kb7 58. h4 h5+ 59. Kf3 Kc6 60.
Ke4 Kb7 1/2-1/2